000
00337nam a2200145Ia 4500
003
OSt
005
20231230104917.0
008
170524s9999 xx 000 0 und d
020
_a
9788176484527
040
_c
IIMT UNIVERSITY
100
_a
CHITKARA- M.G.
245
0
_a
EDUCATION AND HUMAN VALUE
260
_b
A.P.H. PUB
942
_2
ddc
_c
02
999
_c
9536
_d
9536